Statistics for Famous people from Manchester (picture quiz)

Click here to take the quiz!

General Stats

  • This quiz has been taken 16 times
  • The average score is 4 of 15

Answer Stats

Answer % Correct
Noel Gallagher
88%
Victoria Wood
63%
Danny Boyle
56%
Wes Brown
38%
Emmeline Pankhurst
19%
Michelle Keegan
19%
Anna Friel
19%
Jeanette Winterson
13%
Lisa Stansfield
13%
Sarah Storey
13%
Mark E Smith
13%
Joe Corrigan
6%
Jason Kenny
6%
David Lloyd George
0%
Barry Adamson
0%

Score Distribution

Percentile by Number Answered

Percent of People with Each Score

Your Score History

You have not taken this quiz